[Event "XVII MetLife Najdorf Open 2017"]
[Site "Warsaw"]
[Date "2017.07.09"]
[Round "1.9"]
[White "Eggink, Ryszard"]
[Black "Mista, Aleksander"]
[Result "0-1"]
[WhiteElo "2322"]
[BlackElo "2599"]
[Annotator "TA"]
[PlyCount "98"]
[EventDate "2017.??.??"]
[EventType "swiss"]
[EventCountry "POL"]
[SourceTitle "playchess.com"]
[Source "ChessBase"]
[SourceQuality "1"]

{[%evp 9,98,0,0,-22,-11,-17,-12,-12,-16,-14,-14,-15,-15,-14,-15,-15,-10,-10,-14,-62,-36,-53,-57,-53,-46,-50,10,3,6,0,28,-33,-15,-70,0,0,54,47,50,53,60,0,62,9,26,-114,-121,-70,-75,-100,-97,-126,-102,-135,-135,-135,-135,-127,-97,-128,-141,-139,-134,-203,-196,-204,-206,-204,-179,-530,-476,-949,-918,-915,-914,-766,-768,-764,-741,-1090,-1083,-6095,-5859,-5379,-5393,-29969,-29970,-29977,-29977,-29997,-29998]} 1. e4 c5 2. Nf3 g6 3. c4 Nc6 4. Nc3 Bg7 5. d3 d6 {LiveBook: 6 Games} 6. g3 {B20: Sicilian: Unusual White 2nd moves} (6. Be2 Bg4 7. O-O Nf6 8. Bg5 O-O 9. Qd2 a6 10. a3 Nd7 11. Nd5 b5 12. h3 Bxf3 13. Bxf3 bxc4 14. dxc4 {½-½ (28) Dietrich,U (2437)-Rosche,E (2505) Remote email 2014}) 6... Bg4 7. h3 Bxf3 8. Qxf3 {The position is equal.} e6 9. Bg2 Nge7 10. O-O O-O 11. Qd1 Rb8 12. Be3 Nd4 $146 13. Qd2 a6 14. Bh6 b5 {aiming for ...Bxh6.} 15. Bxg7 Kxg7 16. f4 Qa5 17. g4 bxc4 (17... Nec6 $15) 18. dxc4 $11 f6 19. Kh2 e5 20. g5 (20. f5 $11) 20... Nec6 21. fxe5 ({White should try} 21. gxf6+ $11 Rxf6 22. f5 $1 {[%mdl 512]}) 21... fxe5 {[#]} (21... fxg5 $1 $15 22. exd6 Qd8) 22. Rf6 $1 {[%mdl 512]} Ne7 (22... Rxf6 $11 23. gxf6+ Kg8) 23. Rxd6 $14 Rbd8 24. Rxd8 Qxd8 25. Nd5 ({White should play} 25. Rd1 $14) 25... Nec6 ({Better is} 25... Nxd5 $11 26. cxd5 Rf4) 26. h4 (26. Rd1 $14) 26... Rf4 (26... Qd7 $5 {[%cal Rd7g4]} 27. Qd3 Rf2 $11) 27. Kg1 ({Wrong is} 27. Nxf4 $2 Nf3+ 28. Bxf3 Qxd2+ 29. Ng2 Nd4 $19) (27. Qe1 $11) 27... Rxh4 $17 28. Rf1 Ne6 $1 29. Qf2 {Threatens to win with Qf7+.} Nxg5 30. Qxc5 (30. Qxh4 $2 {is the wrong capture.} Nf3+ 31. Rxf3 Qxh4 $19) 30... Nd4 31. Qc7+ Qxc7 32. Nxc7 Nxe4 33. Bxe4 Rxe4 34. Nxa6 {[%mdl 4096] Endgame [#] KRN-KRN} Ne2+ $1 35. Kf2 {And now Kf3 would win.} Nf4 36. b4 (36. Nc5 $17 {was called for.} Rxc4 37. Nd7) 36... Rxc4 $19 37. b5 Rc2+ 38. Kf3 g5 ({Don't play} 38... Rxa2 39. Rb1 $17) 39. Nb4 $2 (39. b6 {was the crucial defense.} Rb2 40. Nc5 Rxb6 41. Re1) 39... Re2 40. Rf2 (40. Rc1 $142 h5 41. Rc2 g4+ 42. Kg3) 40... e4+ {[%cal Be5e4,Be4e3,Be3e2][%mdl 32]} 41. Kg3 Re3+ 42. Kh2 Rh3+ 43. Kg1 e3 44. Rf1 Rg3+ 45. Kh1 e2 46. Re1 Rf3 {( -> ...Rf1+)} 47. Kg1 g4 {[%cal Bg5g4,Bg4g3][%mdl 32] Black mates.} 48. b6 {[#]} g3 $1 49. b7 Rf2 {Precision: White = 31%, Black = 62%.} 0-1

[Event "XVII MetLife Najdorf Open 2017"]
[Site "Warsaw"]
[Date "2017.07.09"]
[Round "1.10"]
[White "Tomczak, Jacek"]
[Black "Urazayev, Arystanbek"]
[Result "1-0"]
[WhiteElo "2596"]
[BlackElo "2322"]
[Annotator "TA"]
[PlyCount "81"]
[EventDate "2017.??.??"]
[EventType "swiss"]
[EventCountry "POL"]
[SourceTitle "playchess.com"]
[Source "ChessBase"]
[SourceQuality "1"]

{[%evp 18,81,27,8,56,47,106,110,116,54,70,45,181,174,246,228,271,251,245,267,300,275,284,281,279,256,412,413,408,327,473,466,556,556,559,519,481,231,296,237,335,316,413,395,389,402,500,495,483,480,555,563,561,567,547,552,568,556,765,774,1050,1057,1253,1250,1510,1481]} 1. e4 e5 2. Nf3 Nc6 3. d4 exd4 4. Nxd4 Bb4+ 5. c3 Bc5 6. Be3 Bb6 {C45: Scotch Game} 7. Qg4 (7. Nf5 g6 8. Bxb6 axb6 9. Ne3 Nf6 10. f3 O-O 11. c4 Nh5 12. Qd2 f5 13. Nc3 f4 14. Ned5 Qh4+ 15. Qf2 {1-0 (30) Yu,Y (2729)-Bu,X (2705) Doha 2016}) 7... Nf6 8. Qxg7 Rg8 9. Qh6 Rg6 10. Qf4 {LiveBook: 3 Games} Rg4 11. Qf3 $146 ({Predecessor:} 11. Nxc6 dxc6 12. Qe5+ Be6 13. Nd2 Bxe3 14. fxe3 {1-0 (35) Haslinger,S (2536)-Campora,D (2488) Seville 2011}) 11... Ne5 (11... d5 $14) 12. Qe2 $16 d5 {[#]} 13. f3 (13. Nd2 $1 $16) 13... Rg6 $14 14. Bf4 Ned7 (14... Qe7 $1 $14) 15. Nd2 $36 {[%mdl 2048] Black is under strong pressure.} Kf8 {[#]} (15... Qe7 {might work better.} 16. Nf5 Qe6) 16. O-O-O $1 Nc5 17. e5 Nh5 18. Be3 Ne6 19. Nxe6+ Bxe6 20. g4 Ng7 21. Ne4 Qe8 $2 (21... Qh4) 22. Nf6 Qa4 23. a3 Rd8 (23... Ne8 {is a better defense.} 24. Nxd5 Bxd5) 24. h4 h5 25. Bxb6 axb6 26. Rd4 Qb3 27. Qc2 (27. gxh5 $142 c5 28. Rd2 (28. hxg6 cxd4 29. Qb5 Qxb5 $18)) 27... Qxc2+ 28. Kxc2 c5 (28... Rh6 $142 29. Rb4 Ke7) 29. Ra4 ({Not} 29. gxh5 Nxh5 30. Nxh5 cxd4 $14) 29... d4 30. Bd3 Rh6 31. cxd4 cxd4 32. g5 {White is clearly winning.} Rh8 33. Rb4 Bf5 34. Rxb6 Bxd3+ 35. Kxd3 Ne6 36. Rc1 Kg7 37. Rd6 Kg6 38. Ke4 b6 39. b4 Ra8 40. f4 {[%cal Bf3f4,Bf4f5][%mdl 32]} Kg7 41. f5 {Precision: White = 84%, Black = 23%.} 1-0

[Event "XVII MetLife Najdorf Open 2017"]
[Site "Warsaw"]
[Date "2017.07.09"]
[Round "1.11"]
[White "Schroeder, Kevin"]
[Black "Sengupta, Deep"]
[Result "1/2-1/2"]
[WhiteElo "2321"]
[BlackElo "2596"]
[Annotator "TA"]
[PlyCount "121"]
[EventDate "2017.??.??"]
[EventType "swiss"]
[EventCountry "POL"]
[SourceTitle "playchess.com"]
[Source "ChessBase"]
[SourceQuality "1"]

{[%evp 22,121,0,-13,16,16,16,16,22,9,8,12,17,0,20,22,31,12,28,6,22,19,50,13,61,61,53,61,68,65,68,56,72,67,71,40,64,47,75,74,106,52,76,52,52,45,44,58,46,42,81,57,311,311,302,304,297,293,291,238,397,0,0,0,0,0,0,0,0,0,0,0,0,0,0,0,0,0,0,0,0,0,0,0,0,0,0,0,0,0,0,0,0,0,0,0,0,0,0,0,0,0]} 1. e4 e5 2. Nf3 Nc6 3. Bb5 a6 4. Bxc6 dxc6 5. O-O f6 6. d4 exd4 7. Nxd4 c5 8. Ne2 Qxd1 9. Rxd1 Bd7 10. Bf4 O-O-O 11. Nbc3 Ne7 12. Rd2 {LiveBook: 13 Games} Bc6 {C69: Ruy Lopez: Exchange Variation with 5 0-0 f6} 13. Rxd8+ Kxd8 14. Rd1+ Kc8 15. Be3 Ng6 {[#]} 16. Nd5 $146 ({Predecessor:} 16. Nf4 Nxf4 17. Bxf4 Be7 18. Nd5 Bd8 19. f3 Re8 20. Kf2 Bd7 21. g4 Be6 22. b3 Rh8 23. h3 {½-½ (23) Andersson,U (2645)-Reyes Larena,J (2435) Villarrobledo 1998}) 16... Bd6 17. Ng3 Re8 (17... Bxg3 $5 18. hxg3 Bxd5 19. Rxd5 b6 $11) 18. f3 Ne5 19. Nf5 Bf8 20. Bf4 b6 (20... Bxd5 $5 21. Rxd5 c6 $11) 21. h4 a5 {[%cal Ba6a5,Ba5a4][%mdl 32]} 22. h5 a4 (22... Bxd5 $5 23. Rxd5 Nc6 $14) 23. h6 Bxd5 $1 24. hxg7 Bxa2 25. gxf8=Q (25. gxf8=R {is interesting.} Rxf8 26. Ra1 Bf7 27. Rxa4 Kb7 28. Ra1) 25... Rxf8 26. Ra1 Be6 27. Rxa4 Kb7 28. Ra1 (28. Bxe5 $5 fxe5 29. Ne3 $14) 28... Nc4 29. b3 Na5 30. Kf2 Rf7 31. Bd2 (31. g4 $16) 31... Nc6 32. Bc3 Bxf5 33. exf5 Nd4 34. Bxd4 $1 cxd4 $14 {[%mdl 4096] Endgame KR-KR} 35. g4 {[%cal Bg2g4,Bg4g5,Bg5g6][%mdl 32]} Rd7 36. Rh1 Kc6 $2 {[%mdl 8192]} ({Black should play} 36... c5 $14) 37. Rh6 $18 Rf7 {[#]} 38. g5 $1 Kd5 {[#]} 39. g6 $1 {[%cal Rg6f7]} ({Weaker is} 39. gxf6 Ke5 $11) ({Not} 39. Rxf6 Rxf6 40. gxf6 Kd6 $17) 39... hxg6 40. fxg6 Rg7 $2 (40... Re7 {was called for.} 41. Rh7 Re8) 41. Rh7 $2 (41. Kg3 $18) 41... Rxg6 $11 {The position is equal.} 42. Rxc7 f5 43. Rf7 Ke5 {White should prevent ...Rc6.} 44. Rc7 Re6 45. c3 dxc3 46. Rxc3 Rd6 47. Rc4 Rd4 {And now ...Rxc4 would win.} 48. Rc3 Kf4 49. Ke2 Kg3 50. Ke3 Rd6 51. b4 f4+ 52. Ke4 Re6+ 53. Kd5 Re3 54. Rc6 b5 55. Rb6 Kxf3 56. Rxb5 Ke2 57. Ra5 f3 58. Ra2+ Kf1 59. b5 f2 (59... Rb3 $5 {[%cal Rb3b5]} 60. Kc6 Rc3+ 61. Kd7 Rd3+ 62. Kc7 Ke1 $11) 60. b6 Kg1 {[#]} (60... Ke1 $5 {[%cal Re3d3]} 61. b7 (61. Ra1+ Ke2 $11) 61... Rd3+ 62. Kc5 Rc3+ 63. Kb6 Rb3+ 64. Kc7 Rc3+ 65. Kd6 Rd3+ 66. Kc5 f1=Q 67. Ra1+ Rd1 68. Rxd1+ Kxd1 $11) 61. Rxf2 $3 {[%mdl 512] Precision: White = 63%, Black = 48%.} 1/2-1/2

[Event "XVII MetLife Najdorf Open 2017"]
[Site "Warsaw"]
[Date "2017.07.09"]
[Round "1.12"]
[White "Aleksandrov, Aleksej"]
[Black "Srinath, Rao S V"]
[Result "1-0"]
[WhiteElo "2581"]
[BlackElo "2321"]
[Annotator "TA"]
[PlyCount "83"]
[EventDate "2017.??.??"]
[EventType "swiss"]
[EventCountry "POL"]
[SourceTitle "playchess.com"]
[Source "ChessBase"]
[SourceQuality "1"]

{[%evp 18,83,66,50,75,66,82,82,81,81,89,97,106,76,106,108,108,93,88,83,107,55,69,65,87,78,145,195,179,194,210,150,227,220,420,424,449,456,398,345,360,307,461,437,467,417,433,448,485,485,477,472,439,453,479,492,487,455,434,316,2156,607,29952,12085,29984,29985,29994,29995]} 1. d4 Nf6 2. c4 g6 3. Nc3 Bg7 4. e4 d6 5. h3 O-O 6. Be3 Nbd7 7. Nf3 c5 8. Be2 {E90: King's Indian: Classical: Early deviations and 6 h3} cxd4 9. Nxd4 Nc5 10. Qc2 {LiveBook: 5 Games. White is slightly better.} a5 (10... b6 11. b4 Ne6 12. Nb3 a5 13. bxa5 bxa5 14. a4 Nd7 15. Rd1 Ba6 {½-½ (47) Granda Zuniga,J (2685)-Maze,S (2582) Sitges 2015}) 11. O-O Bd7 12. Rfd1 $146 ({Predecessor:} 12. f4 Rc8 13. Bf3 Qc7 14. b3 Qb8 {0-1 (40) Virkud,A (1866)-Czuhai,K Troy 2012}) 12... Rc8 13. Rac1 Qc7 14. b3 Qb8 15. a3 e5 16. Ndb5 Bxb5 17. Nxb5 Ncxe4 18. Qb1 h6 19. h4 (19. Bf3 $16 d5 20. cxd5 Rxc1 21. Qxc1 (21. Rxc1 Ng5 $16)) 19... b6 20. Bf3 d5 $1 21. cxd5 Nd6 ({Black should play} 21... Rxc1 22. Rxc1 Nd6 23. Nxd6 Qxd6) 22. Nxd6 $16 Qxd6 23. Rc6 Qxa3 24. Bxb6 Nd7 {[#]} (24... a4 $16) 25. Bc7 $1 $18 {[%cal Rc7d6] Black must now prevent Bd6.} Qb4 $2 (25... a4 26. bxa4 Qxa4) 26. h5 Qh4 27. hxg6 f5 28. g3 Qg5 29. Bxa5 {[%cal Bc7a5,Ba5d2,Bd2f4][%mdl 32]} e4 (29... f4 $142 30. Bd2 Rce8) 30. Bd2 Qd8 31. Be2 Ne5 32. Bf4 Nxc6 33. dxc6 Qb6 34. Bc4+ Kh8 35. Bd5 Rf6 36. b4 Rcxc6 37. Bxc6 Rxc6 38. Rd5 Bd4 $2 (38... Rxg6 39. Rxf5 Qe6) 39. Rxf5 (39. Qd1 $142 Kg7 40. Rxd4 Kxg6 41. Rd8) 39... Bxf2+ 40. Kg2 {[#] Threatening mate with Qa1+.} Rxg6 41. Be5+ Kg8 42. Qa2+ {Precision: White = 73%, Black = 36%.} 1-0

[Event "XVII MetLife Najdorf Open 2017"]
[Site "Warsaw"]
[Date "2017.07.09"]
[Round "1.13"]
[White "Yelisieiev, Yevhenii"]
[Black "Heberla, Bartlomiej"]
[Result "0-1"]
[WhiteElo "2317"]
[BlackElo "2577"]
[Annotator "TA"]
[PlyCount "270"]
[EventDate "2017.??.??"]
[EventType "swiss"]
[EventCountry "POL"]
[SourceTitle "playchess.com"]
[Source "ChessBase"]
[SourceQuality "1"]

{[%evp 15,270,0,33,26,36,-10,-2,-15,-22,-21,-18,-77,-83,-83,-61,-98,-64,-96,-120,-95,-76,-58,-75,-83,-77,-61,-62,-81,-69,-91,-84,-80,-91,-81,-93,-129,-114,-121,-83,-89,-86,-92,-93,-116,-110,-105,-100,-118,-56,-137,-110,-129,-118,-132,-120,-129,-136,-275,-268,-279,-279,-279,-258,-370,-202,-220,-220,-215,-216,-256,-256,-343,-215,-256,-256,-224,-203,-224,-222,-370,-370,-355,-372,-372,-372,-404,-403,-678,-418,-1092,-1055,-29969,-29970,-29970,-29971,-29971,-29972,-29972,-29973,-29971,-29970,-29968,-29968,-29961,-12359,-29948,-12838,-1366,-1363,-1259,-1317,-1179,-1296,-1247,-1131,-882,-882,-29953,-29957,-29955,-29957,-29954,-29952,-12848,-29943,-4133,-4500,-29979,-29963,-29962,-29961,-29963,-29964,-29958,-1760,-29966,-29964,-29966,-29965,-29967,-29968,-29966,-29967,-29971,-29968,-29968,-5189,-29957,-5093,-29965,-29961,-29962,-29963,-29968,-29970,-29966,-29972,-29967,-29967,-29970,-29970,-29974,-29975,-29977,-29978,-29979,-29978,-29978,-29979,-29979,-29979,-29979,-29980,-29980,-29978,-29979,0,-29977,0,-29978,-29977,-29978,-29978,-29978,-29975,-29975,-29976,-29976,-29977,-29977,-29975,-29976,-29972,-29967,-12597,-2078,-1671,-29943,-5918,-12794,-5941,-29966,-6266,-2802,-2168,-1105,-259,-29980,-29981,-29981,-29982,-29982,0,-29979,-29981,-29981,-29981,-29982,-29977,-29977,-29976,-29976,-29977,-29976,-8,-29980,-29981,-29981,-29982,-29982,-29983,-29983,-29984,-29984,-29985,-29985,-29986,-29986,-29987,-29987,-29988,-29990,-8,-8,-8,-8,-8,-29993,-29994,-29994,-29995,-29995,-29996,-29996,-29997,-29997,-29998]} 1. d4 g6 2. Nf3 Bg7 3. g3 c5 4. c3 Qa5 5. Bg2 (5. Nbd2 cxd4 6. Nb3 Qd8 7. Nfxd4 Nf6 8. Bg2 O-O 9. O-O d5 10. Bg5 h6 11. Bxf6 Bxf6 12. e4 dxe4 13. Bxe4 {0-1 (56) Hausrath,D (2481)-Saric,I (2666) Germany 2017}) 5... cxd4 6. Nxd4 {A40: Unusual replies to 1 d4} Nf6 7. O-O O-O 8. Nd2 Nc6 {LiveBook: 7 Games} 9. e4 d6 10. Nxc6 $146 ({Predecessor:} 10. Nc4 Qa6 11. b3 Bg4 12. Qd2 Rad8 {0-1 (45) Petran,P (2325)-Sergeev,V (2435) Stary Smokovec 1996}) 10... bxc6 11. e5 dxe5 12. Bxc6 Rb8 13. Nb3 (13. Qa4 $11 Qc7 14. Bg2) 13... Qc7 $17 14. Bg2 a5 {[%cal Ba7a5,Ba5a4][%mdl 32]} 15. Re1 Ba6 16. Qf3 a4 {aiming for ...Bb7.} 17. Nd2 {[#]} a3 $1 {[%mdl 512]} 18. b3 (18. bxa3 e6) 18... Bb7 19. Qe2 Bxg2 (19... Qxc3 $6 20. Bxa3 Bxg2 21. Kxg2 $11) 20. Kxg2 Nd5 $1 21. Bxa3 Nxc3 ({Weaker is} 21... Qxc3 22. Nc4 $16) 22. Qe3 Qb7+ 23. Kg1 Nd5 24. Qe2 e4 25. Qxe4 Bxa1 26. Rxa1 Nc3 27. Qe5 Rbc8 $1 28. Nc4 Nd5 $1 ({Inferior is} 28... Qf3 29. Bb2 $16) 29. Bb2 {[%csl Gb2][%cal Re5h8]} f6 30. Qe6+ Kg7 31. Re1 Rfd8 ({Black should play} 31... Rc7 $17 32. Re4 Rd8) 32. h4 (32. Ne5 $1 $15) 32... Qc6 $40 {[%mdl 128] Black has strong attack.} 33. Qg4 h5 34. Qe4 Rd7 35. Ba3 e5 36. Rc1 {[#]} (36. Ra1 $17) 36... Nb6 $1 $19 37. Qe2 Nxc4 38. Rxc4 Qa6 39. Bc1 (39. Rc2 {was forced.} Qxe2 40. Rxe2) 39... Kf7 (39... Rxc4 $142 40. bxc4 Rd4) 40. Kh2 Rxc4 41. bxc4 {[%mdl 4096] Endgame KQR-KQB} Rc7 42. Qb2 Qxc4 43. Bh6 Kg8 44. Be3 Kg7 45. Qb8 Rc8 46. Qd6 Qc7 47. Qa6 (47. Qd5 $142) 47... Qc6 48. Qa7+ Rc7 49. Qb8 Qb7 50. Qe8 Rd7 51. f3 (51. Bc5 $142 Rd1 52. Qf8+ Kh7 53. Qe7+ Qxe7 54. Bxe7) 51... Rd1 52. g4 (52. Kh3 $142) 52... hxg4 53. h5 gxh5 54. Qxh5 {[#]} Rh1+ $1 {[%mdl 512]} 55. Kxh1 Qxf3+ 56. Kg1 Qxe3+ {KQ-KQ} 57. Kg2 Qe2+ 58. Kg1 Qd1+ 59. Kg2 Qd5+ (59... Qf3+ $142 60. Kg1 Qg3+ 61. Kh1 Qe1+ 62. Kg2 Qe4+ 63. Kf2 Qf3+ 64. Kg1 Qg3+ 65. Kh1 Qf3+ 66. Kg1) 60. Kg1 Qd4+ 61. Kg2 Qb2+ 62. Kg3 Qa3+ 63. Kxg4 Qxa2 64. Kf5 Qc2+ 65. Ke6 Qg6 66. Qd1 Qe8+ 67. Kf5 Qc8+ 68. Ke4 Qh3 69. Qg1+ Kf7 70. Qa7+ Kg6 71. Qe7 Qg2+ 72. Ke3 Qc6 73. Qf8 Qe6 74. Qa8 f5 (74... Kg5 $142 75. Qf8 Qf5 76. Qg7+ Kh4 77. Qe7 Kg3 78. Qf7 Qf3+ 79. Kd2 e4 80. Qe7 {[#]} e3+ $1 {[%mdl 512]} 81. Kc3 Qf4 82. Kd3 Qf1+ 83. Kc3 e2 84. Qg7+ Kh2 85. Qc7+ Kg2 86. Qg7+ Kh1 87. Qh6+ Kg1 88. Qg6+ Qg2 89. Qb1+ Kf2 90. Qb6+ Kf1 91. Qb5 Qe4 92. Qa6 Kg2 93. Qa2 Kh1 94. Qd2 e1=Q 95. Qxe1+ Qxe1+ 96. Kc4 f5 97. Kb5 f4 98. Kc5 f3 99. Kd4 f2 100. Kd5 f1=Q 101. Kd6 Qb5 102. Kc7 Qe7+ 103. Kc8 Qbe8#) 75. Qf8 Qb3+ 76. Kf2 Qc2+ 77. Kf1 Qd3+ 78. Kf2 Qd4+ 79. Ke2 Qc4+ 80. Kf2 Qf7 (80... Qf4+ $142 81. Kg2 Qd2+ 82. Kf3 e4+ 83. Kg3 Qe3+ 84. Kg2 Qg5+ 85. Kf1 Qf4+ 86. Kg1 e3 87. Kg2 Qg4+ 88. Kf1 Qd1+ 89. Kg2 Qg4+ 90. Kf1 Qd1+ 91. Kg2 Qe2+ 92. Kg1 Kg5 93. Qg7+ Kf4 94. Qh6+ Ke5 95. Qb6 Kf4 96. Qh6+ Ke5 97. Qb6 Qd1+ 98. Kg2 Qe2+ 99. Kg1) 81. Qb8 Qe6 (81... Qe7 $142 82. Qg8+ Kh5 83. Kf1 Qh4 84. Qh7+ Kg4 85. Qg7+ Kf4 86. Qf7 Qh3+ 87. Ke2 Qe3+ 88. Kf1 Qd3+ 89. Kg2 Qe2+ 90. Kg1 Qe3+ 91. Kf1 Qd3+ 92. Kg1 Qg3+ 93. Kf1 Qd3+) 82. Qb1 e4 83. Qg1+ Kf6 84. Qb1 Qd6 85. Qa1+ Qe5 86. Qa8 Qc5+ 87. Ke2 Qc2+ 88. Ke1 Kg5 89. Qh8 Kg4 90. Qh7 Qc3+ 91. Ke2 Qd3+ 92. Ke1 Qe3+ 93. Kd1 Qf3+ 94. Ke1 Qg3+ 95. Ke2 Qd3+ 96. Ke1 $1 Qc3+ 97. Ke2 $1 {intending Qg6+.} Qb2+ 98. Ke1 Qf6 99. Ke2 Kg3 100. Qg8+ Kf4 101. Qb8+ Qe5 102. Qb6 Kg5 103. Qd8+ Qf6 104. Qg8+ Kh6 (104... Kh4 $142 105. Qh7+ Kg4 106. Qg8+ Qg5 107. Qe6 Qf4 108. Qc6 Qf3+ 109. Ke1 f4 110. Qe8 Kg3 111. Qg8+ Kh3 112. Qe6+ Kg2 113. Qa2+ Kg1 114. Qe6 e3 115. Qg6+ Qg2 116. Qd3 Qf2+ 117. Kd1 e2+ 118. Qxe2 Qxe2+ 119. Kxe2 Kg2 120. Kd2 f3 121. Kc3 f2 122. Kc4 f1=Q+ 123. Kb4 Kf3 124. Kc5 Ke4 125. Kd6 Qb5 126. Ke7 Qc6 127. Kd8 Kf5 128. Ke7 Qc7+ 129. Ke8 Kg6 130. Kf8 Qf7#) 105. Qb8 f4 106. Qe8 Qa6+ 107. Kd1 Qd6+ 108. Ke1 Qb4+ (108... e3 $142 109. Qh8+ Kg5 110. Qg8+ Qg6 111. Qd5+ Qf5 112. Qb7 Kh4 113. Qe7+ Kg3 114. Qg7+ Qg4 115. Qe5 Kg2 116. Qb2+ Kg1 117. Qd4 Qg2 118. Kd1 Qf2 119. Qd3 Qf1+ 120. Kc2 Qxd3+ 121. Kxd3 Kf2 122. Ke4 f3 123. Kd3 e2 124. Ke4 e1=Q+ 125. Kd4 Kg2 126. Kc4 f2 127. Kd5 f1=Q 128. Kd6 Qa6+ 129. Kd5 Qb5+ 130. Kd6 Qee5#) 109. Kf1 Qc4+ 110. Kg1 Qd4+ $2 (110... e3 111. Qh8+ Kg5 112. Qg7+ Kf5 113. Qh7+ Ke5 114. Qg7+ Kf5 115. Qh7+ Ke5 116. Qg7+ Ke4 117. Qh7+ Kd4 118. Qd7+ Kc3) 111. Kh1 $2 (111. Kg2 $19) 111... Qd1+ 112. Kg2 Qe2+ 113. Kg1 Qd1+ $2 (113... Kg5 114. Qc6 e3 115. Qb6 Kg4 116. Qg6+ Kh3 117. Qh7+ Kg3 118. Qg6+ Qg4 119. Qd3 Kf3+ 120. Kf1 Qg2+ 121. Ke1 Qh1+ 122. Qf1+ Qxf1+ 123. Kxf1 Kg3 124. Ke2 Kg2 125. Kd3 Kg3 126. Kc2 f3 127. Kd1 Kg2 128. Kc1 f2 129. Kb2 f1=Q 130. Kb3 e2 131. Kc4 e1=Q+ 132. Kd4 Qc1 133. Ke4 Qcc4+ 134. Ke5 Qff4#) 114. Kf2 $2 {[%mdl 8192]} (114. Kg2 $11) 114... e3+ 115. Kg2 Qe2+ 116. Kg1 Qf2+ 117. Kh1 Qh4+ 118. Kg2 Qg3+ 119. Kh1 Qg6 $2 (119... Qh3+ 120. Kg1 Qg3+ 121. Kh1 Qe1+ 122. Kg2 Qe2+ 123. Kg1 Kg5 124. Qe4 Kg4 125. Qg6+ Kh3 126. Qh7+ Kg4 127. Qg6+ Kh3 128. Qh6+ Kg3 129. Qg6+ Qg4 130. Qd3 Kh3+ 131. Kf1 Qf3+ 132. Ke1 Kg2 133. Qg6+ Qg3+ 134. Qxg3+ Kxg3 135. Ke2 Kg2 136. Kd3 Kg3 137. Ke2 Kg2 138. Kd3 Kf2 139. Kc3 e2 140. Kd4 f3 141. Kd5 e1=Q 142. Kd6 Kg2 143. Kd5 f2 144. Kd4 f1=Q 145. Kc5 Qe5+ 146. Kb6 Qfb5+ 147. Ka7 Qeb8#) 120. Qh8+ $2 {[%mdl 8192]} (120. Qf8+ $11 Kg5 121. Qd8+ Kg4 122. Qd1+ Kh4 123. Qe1+ Qg3 124. Qb1 Qf3+ 125. Kh2 Qe2+ 126. Kg1) 120... Kg5 121. Qd8+ Qf6 122. Qg8+ Kh4 123. Qh7+ Kg4 124. Qg8+ Qg5 125. Qe6+ Kg3 126. Qh3+ Kf2 {[%csl Gf2][%cal Rg5g1]} 127. Qh2+ Ke1 128. Qh8 e2 $2 (128... Qg4 {mates} 129. Qh2 Qf3+ 130. Qg2 Qxg2+ 131. Kxg2 Ke2 132. Kh3 f3 133. Kh4 f2 134. Kh5 Kf3 135. Kg6 f1=Q 136. Kf5 e2 137. Kf6 e1=Q 138. Kg6 Qe6+ 139. Kh7 Qg2 140. Kh8 Qh6#) 129. Qc3+ Kf2 {[%csl Gf2][%cal Rg5g2]} 130. Qd4+ Kg3 {( -> ...Qh6+)} 131. Qd3+ $2 {[%mdl 8192]} (131. Qg1+ $11 Kf3 132. Qxg5 e1=Q+ 133. Kh2 Qd2+ 134. Kh3 Qd7+ 135. Kh2 Qh7+ 136. Kg1 Qb1+ 137. Kh2 Qh7+ 138. Kg1 Qb1+ 139. Kh2 Qh7+) 131... f3 {Black mates.} 132. Qd6+ Kf2 {[%csl Gf2,Gf3][%cal Rg5g2]} 133. Qd4+ Kf1 {[%csl Gf1,Gf3][%cal Rg5g2]} 134. Qa1+ e1=Q {[%cal Rg5h6]} 135. Qa6+ Kf2+ {Precision: White = 30%, Black = 57%.} 0-1

[Event "XVII MetLife Najdorf Open 2017"]
[Site "Warsaw"]
[Date "2017.07.09"]
[Round "1.14"]
[White "Indjic, Aleksandar"]
[Black "Bednarek, Sylwester"]
[Result "1-0"]
[WhiteElo "2575"]
[BlackElo "2309"]
[Annotator "TA"]
[PlyCount "99"]
[EventDate "2017.??.??"]
[EventType "swiss"]
[EventCountry "POL"]
[SourceTitle "playchess.com"]
[Source "ChessBase"]
[SourceQuality "1"]

{[%evp 24,98,15,10,53,43,50,36,46,38,45,47,78,77,86,83,91,91,84,84,87,88,89,86,93,98,149,140,243,105,117,95,103,93,86,77,117,117,173,166,145,11,14,0,0,0,0,0,0,0,31,41,118,103,160,153,153,150,148,113,293,280,318,290,726,726,804,708,854,1204,1237,1256,1149,1155,5720,5716,29999]} 1. d4 e6 2. Nf3 f5 3. g3 Nf6 4. Bg2 d5 5. c4 c6 6. O-O Bd6 7. b3 Qe7 8. Bb2 O-O 9. Nbd2 b6 10. Ne5 Bb7 11. Rc1 Na6 12. e3 {A90: Dutch Defence: Miscellaneous and Modern Stonewall (with ...Bd6)} Rac8 13. Qe2 {LiveBook: 7 Games} Ba3 $146 ({Predecessor:} 13... c5 14. Rfd1 Rfd8 15. cxd5 exd5 16. Ndf3 Ne4 17. Bh3 Rf8 18. dxc5 bxc5 19. Ba1 Nb8 {0-1 (38) Almagro Llamas,P (2487)-Teran Alvarez,I (2427) Elgoibar 2014}) 14. Bxa3 {White is slightly better.} Qxa3 15. Nb1 {[%cal Bd2b1,Bb1c3,Bc3b5][%mdl 32]} Qb4 16. Qb2 Qe7 17. Nc3 dxc4 18. bxc4 c5 19. d5 Nb4 {[%cal Re6d5]} 20. d6 Qxd6 21. Nb5 $1 {[%cal Rb5d6]} ({Reject} 21. Bxb7 $6 Qxe5 22. Bxc8 Nd3 $11) 21... Qb8 {aiming for ...Bxg2.} 22. Bxb7 Qxb7 23. Nd6 $1 {[%csl LRb7,LRc8]} Qa8 24. Nxc8 Rxc8 (24... Qxc8 $142 25. Rcd1 Qc7) 25. Rfd1 Qe4 (25... Re8 $16 {was worth a try.} 26. f3 h6) 26. a3 (26. Rd6 $1 $18) 26... Nc6 $16 27. Nxc6 Rxc6 28. Rd8+ Kf7 29. Rcd1 {R1d7+! is the strong threat.} Kg6 30. h3 Qxc4 (30... Rc7 $16) 31. R1d7 $1 $18 {And now Rg8! would win.} e5 32. Qxe5 (32. Rxa7 $16 Qe4 33. Rd1) 32... Re6 $11 33. Qb2 {Strongly threatening Rc7.} Nxd7 34. Rxd7 {[%mdl 4096] Endgame KQR-KQR} Rf6 35. Rxa7 Qd5 36. h4 c4 37. a4 Kh6 (37... Qc5 $1 $14) 38. Rc7 $16 Rg6 (38... Qd1+ $142 39. Kh2 c3 40. Rxc3 (40. Qxc3 Qxa4 41. Qe5 Qb4 $16) 40... Qxa4) 39. Qc1 {Hoping for e4+.} Kh5 40. Rxc4 Rg4 41. Rc7 h6 $2 {[#]} (41... Qf3 $16 42. Ra7 h6) 42. Qa1 $1 $18 g6 {[#]} 43. Rh7 $1 {[%cal Rh7h6] White threatens Rxh6+! and mate.} Qg8 $2 (43... g5 44. hxg5 Rxg5) 44. Rh8 Qf7 45. Kh2 Qe7 46. Qd1 Qe5 47. Rd8 Qb2 48. Rd2 Qa3 49. f3 {[%cal Bf2f3,Bf3f4][%mdl 32]} Rxa4 50. f4# {Precision: White = 70%, Black = 30%.} 1-0